000 00581nam a22001577a 4500
003 NUST
038 _aNusrat Nadeem
082 _a200
100 _aNaeem, Faiqa
_9130687
245 _aInclusive Interactive Video-Based Application: Formative Assessment for Enhancing Cognitive Achievement Using UDL Guidelines/
_cFaiqa Naeem,
264 _aIslamabad:
_bSEECS NUST.
_c2025.
650 _aMS-Innovative Technologies in Education
_927351
700 _aSupervisor: Dr. Tahira Anwar Lashari
_996746
856 _uhttp://10.250.8.41:8080/xmlui/handle/123456789/55016
942 _2ddc
_cSC
999 _c614854
_d614854